| 000 | 00628nam a22001817a 4500 | ||
|---|---|---|---|
| 003 | OSt | ||
| 005 | 20180424161849.0 | ||
| 008 | 180424s2017 sp a 000 0 spa d | ||
| 017 |
_aM 2824-2017 _bOficina Depósito Legal Madrid |
||
| 040 |
_aSpMaBN _bcat _cCDMR |
||
| 100 | 1 |
_aLópez De Zuazo Algar, Antonio _d1946- _9296 |
|
| 245 | 1 | 0 |
_aCatálogo de periodistas españoles del siglo XIX _c/ Antonio López de Zuazo Algar |
| 260 |
_aMadrid : _bA. López de Zuazo, _c2017 |
||
| 300 |
_a640 p. _bil. _c30 cm |
||
| 504 | _aBibliografía: p. 635-638 | ||
| 650 | 4 |
_aPeriodistes _zEspanya _yS.XIX _xBiografíes _vDiccionaris _93726 |
|
| 942 | _cMON | ||
| 999 |
_c7131 _d7131 |
||